000 00318nam a22001337a 4500
008 170907b xxu||||| |||| 00| 0 eng d
020 _a9780199240432
041 _aeng
080 _a721
100 _a41
101 _aNDI
245 _aLIFE ON THE LINE IN CONTEMPORARY MANUFACTURING
_cDELBRIDGE, R
942 _2udc
_cBK
999 _c26554
_d26554